Αγροτουρισμός και τουρισμός υπαίθρου : η συμβολή της γυναικείας επιχειρηματικότητας στην αγροτουριστική ανάπτυξη : διπλωματική εργασία

Saved in:
Bibliographic Details
Main Author: Τζαμάκου, Ελένη
Corporate Author: Πανεπιστήμιο Αιγαίου Σχολή Επιστημών της Διοίκησης Τμήμα Διοίκησης Επιχειρήσεων - Τ.Δ.Ε
Other Authors: Λαγός, Δημήτρης Γ. (Thesis advisor)
Format: Thesis Book
Language:Greek
Published: 2007
Subjects:
Online Access:http://hdl.handle.net/11610/6350
Tags: Add Tag
No Tags, Be the first to tag this record!

MARC

LEADER 00000cam a2200000 i 4500
001 1/64342
008 071123s2007 gre d
035 |l 10092526 
040 |a GR-MY-UA  |b gre  |e aacr 
041 0 |a gre 
082 0 |a 338.4791  |2 (22) 
100 1 |a Τζαμάκου, Ελένη. 
245 1 0 |a Αγροτουρισμός και τουρισμός υπαίθρου :  |b η συμβολή της γυναικείας επιχειρηματικότητας στην αγροτουριστική ανάπτυξη : διπλωματική εργασία /  |c Τζαμάκου Ελένη 
260 |c 2007 
300 |a 117 σ.;  |b εικ., σχ., πιν.;  |c 30 εκ. 
502 |a Πτυχιακή εργασία – Πανεπιστήμιο Αιγαίου, Χίος, 2007. 
504 |a Περιλαμβάνει βιβλιογραφία 
610 2 0 |a Πανεπιστήμιο Αιγαίου. 
650 0 0 |a Ecotourism. 
650 0 0 |a Rural development. 
650 0 0 |a Tourism. 
650 0 0 |a Agriculture  |x Economic aspects. 
650 0 0 |a Agritourism. 
650 0 0 |a Women in development. 
650 0 0 |a Women in cooperative societies  |z Greece  |z Chios Island. 
700 1 |4 ths  |a Λαγός, Δημήτρης Γ. 
710 1 |a Πανεπιστήμιο Αιγαίου  |b Σχολή Επιστημών της Διοίκησης  |b Τμήμα Διοίκησης Επιχειρήσεων - Τ.Δ.Ε. 
852 |a INST  |b CHIOS  |c DIATR  |e 20071123  |h 338.4791 ΤΖΑ  |p 005200028350  |q 005200028350  |t DIE  |y 23 
852 |a INST  |b CHIOS  |c DIATR  |e 20071123  |h 338.4791 ΤΖΑ  |p 005200028351  |q 005200028351  |t DIE  |y 23 
856 |u http://hdl.handle.net/11610/6350 
901 |a BIBL2-2007-3 
909 |a Χ  |b 131437 
909 |a Χ  |b 131438 
924 |a Τζαμάκου  |b Ελένη  |y Χίος  |z 2007-11 
970 |a Ατσάλη  |b Δέσποινα  |z 2007/11/23